Once there was a house and you can make it! / (Record no. 102274)
[ view plain ]
| 000 -LEADER | |
|---|---|
| fixed length control field | 00715nam a2200193 a 4500 |
| 005 - DATE AND TIME OF LATEST TRANSACTION | |
| control field | 20140412111233.0 |
| 008 - FIXED-LENGTH DATA ELEMENTS--GENERAL INFORMATION | |
| fixed length control field | 060117s19uu xx 00 eng d |
| 020 ## - INTERNATIONAL STANDARD BOOK NUMBER | |
| International Standard Book Number | 0-394-88772-7 |
| 050 ## - LIBRARY OF CONGRESS CALL NUMBER | |
| Classification number | TR(PS E |
| Item number | On1 1986 |
| 100 ## - MAIN ENTRY--PERSONAL NAME | |
| Personal name | Hindley, Judy |
| 245 ## - TITLE STATEMENT | |
| Title | Once there was a house and you can make it! / |
| Statement of responsibility, etc | Judy Hindley. |
| 260 ## - PUBLICATION, DISTRIBUTION, ETC. (IMPRINT) | |
| Place of publication, distribution, etc | New York : |
| Name of publisher, distributor, etc | Random House, |
| Date of publication, distribution, etc | 1986. |
| 300 ## - PHYSICAL DESCRIPTION | |
| Extent | 32 |
| 440 ## - SERIES STATEMENT/ADDED ENTRY--TITLE | |
| Title | A make and play pictureback |
| 520 ## - SUMMARY, ETC. | |
| Summary, etc | A small story of children playing imaginatively with cartons and other household materials used as houses, furniture, gas station, and tools is accompanied by the directions for making these things. |
| 650 ## - SUBJECT ADDED ENTRY--TOPICAL TERM | |
| Topical term or geographic name as entry element | Play-Fiction |
| 650 ## - SUBJECT ADDED ENTRY--TOPICAL TERM | |
| Topical term or geographic name as entry element | Handicraft |
| Withdrawn status | Lost status | Damaged status | Home library | Current library | Shelving location | Date acquired | Source of acquisition | Total Checkouts | Full call number | Barcode | Date last seen | Price effective from | Koha item type |
|---|---|---|---|---|---|---|---|---|---|---|---|---|---|
| Elizalde Library | Elizalde Library | Teachers Reference Section | 01/17/2006 | TR(PS E On1 1986 | E1093 | 04/12/2014 | 04/12/2014 | Books |